| 000 | 00585nam a2200241 a 4500 | ||
|---|---|---|---|
| 001 | nice12345678 | ||
| 003 | IN_TiNIC | ||
| 005 | 20260116011834.0 | ||
| 008 | 050524s1928 laha grp 000 0 urd | ||
| 020 |
_a _c0.5 |
||
| 082 | 0 | 0 |
_a294.5921 _bSIN |
| 100 | _aSingh, Kewal | ||
| 245 | _aKeya Ved Ilhami Hain? Are the Vedas Ispired? | ||
| 260 |
_aLahore _bPunjab Religious Booksociety _c1928 |
||
| 300 | _a32p | ||
| 500 | _aincludes index and biblioraphy | ||
| 505 | 2 | _aApp | |
| 650 | _aVedas | ||
| 700 | 1 | _aSingh, Kewal | |
| 902 | _bSRS | ||
| 942 | _cBK | ||
| 999 |
_c4347 _d4347 |
||